Le regime des capitulations dans l'Empire ottoman /
Saved in:
Main Author:
Format: Book
Language: French
Edition: First edition.
Subjects:
Tags: Add Tag
No Tags, Be the first to tag this record!
Call Number: JX1568 .P4 v.2
| LEADER | 01174namaa2200325 4500 | ||
|---|---|---|---|
| 001 | 15011 | ||
| 003 | OSt | ||
| 005 | 20201103103734.0 | ||
| 008 | 130303s1905 fr g 000 0 fre d | ||
| 952 | |0 0 |1 0 |2 lcc |3 V.2 |4 0 |6 JX1568 P4 V.00002 |7 1 |9 7266 |a ARCE |b ARCE |d 2020-11-03 |l 0 |o JX1568 .P4 v.2 |p 1007349 |r 2020-11-03 00:00:00 |w 2020-11-03 |y BK | ||
| 999 | |c 15357 |d 15357 | ||
| 040 | |c ARCE Library | ||
| 043 | |a a-tu--- |a f-ua--- | ||
| 050 | 0 | 4 | |a JX1568 .P4 v.2 |
| 100 | 1 | |a Pélissié du Rausas, G., |e author |9 37433 | |
| 245 | 1 | 3 | |a Le regime des capitulations dans l'Empire ottoman / |c par G. Pelissie du Rausas. |
| 250 | |a First edition. | ||
| 264 | 1 | |a Paris : |b A. Rousseau, |c 1905. | |
| 300 | |a volume <2> ; |c 23 cm. | ||
| 336 | |a text |b txt |2 rdacontent | ||
| 337 | |a unmediated |b n |2 rdamedia | ||
| 338 | |a volume |b nc |2 rdacarrier | ||
| 505 | 0 | |g volume 2. 3. ptie. |t La protection civile et religieuse -- |g 4. |t ptie. Le regime des capitulations en Egypte. | |
| 650 | 0 | |a Courts |z Egypt. | |
| 650 | 0 | |a Justice, Administration of |z Egypt. | |
| 650 | 0 | |a Exterritoriality. | |
| 650 | 0 | |a Eastern question (Balkan) | |
| 651 | 0 | |a Turkey |x Foreign relations. | |
| 901 | |a reviewed | ||
| 942 | |c BK |2 lcc | ||
